Անցեք բովանդակությանը
Ayesha Abed Library
Լեզու
English
Deutsch
Español
Français
Italiano
日本語
Nederlands
Português
Português (Brasil)
中文(简体)
中文(繁體)
Türkçe
עברית
Gaeilge
Cymraeg
Ελληνικά
Català
Euskara
Русский
Čeština
Suomi
Svenska
polski
Dansk
slovenščina
اللغة العربية
বাংলা
Galego
Tiếng Việt
Hrvatski
हिंदी
Հայերէն
Українська
Բոլոր դաշտերը
Վերնագիր
Հեղինակ
Խորագիր
Դասիչ
ISBN/ISSN
Ցուցիչ
Գտեք
Ընդլայնված
Physics
Վկայակոչեք սա
Էլփոստով ուղարկեք սա
Տպել
Արտահանել գրառումը
Արտահանել դեպի RefWorks
Արտահանել դեպի EndNoteWeb
Արտահանել դեպի EndNote
Արտահանել դեպի MARC
Արտահանել դեպի MARCXML
Արտահանել դեպի BibTeX
Մշտական հղում
Physics
Մատենագիտական մանրամասներ
Հիմնական հեղինակ:
John D. Cutnell
Ձևաչափ:
Անհայտ
Պահումներ
Նկարագրություն
Նմանատիպ նյութեր
Աշխատակազմի տեսք
LEADER
00167 a2200085 4500
020
|a
9781119820574
100
|a
John D. Cutnell
|9
60324
245
|a
Physics
942
|c
BK
999
|c
47738
|d
47738
Նմանատիպ նյութեր
Physics of the earth /
: Stacey, F. D. (Frank D.)
Հրապարակվել է: (1977)
Physical fluid dynamics /
: Tritton, D. J.
Հրապարակվել է: (1988)
Sears and Zemansky's university physics : with modern physics./
: Young, Hugh D.
Հրապարակվել է: (2009)
Sears and Zemansky's university physics : with modern physics /
: Young, Hugh D.
Հրապարակվել է: (2004)
Nuclear physics : principles and applications /
: Lilley, J. S. (John S.)
Հրապարակվել է: (2001)